000 00425pab a2200169 454500
008 180718b2013 xxu||||| |||| 00| 0 eng d
100 _aGhosh, Abhijit
245 _aAgenda that failed: Left politics in postcolonial India
260 _c2013
300 _ap.12-17.
362 _a21 Sep
650 _aPolitical parties - India
650 _aPolitical parties
773 _aMainstream
908 _aN
909 _a100654
999 _c100653
_d100653